Собрание сочинений (Запись № 8918331)

Подробности
000 -МАРКЕР
контрольное поле 01728nam1a22003011i 4500
001 - ИДЕНТИФИКАТОР ЗАПИСИ
контрольное поле rc\3955281
005 - ИДЕНТИФИКАТОР ВЕРСИИ
контрольное поле 20240724174159.0
035 ## - ДРУГИЕ СИСТЕМНЫЕ НОМЕРА
Идентификатор записи (NLR Aleph) 008047152
100 ## - ДАННЫЕ ОБЩЕЙ ОБРАБОТКИ
Данные общей обработки 20130415d1948 |||y0rusy50 ca
101 0# - ЯЗЫК РЕСУРСА
Язык текста, звукозаписи и т.д. русский
102 ## - СТРАНА ПУБЛИКАЦИИ ИЛИ ПРОИЗВОДСТВА
Страна публикации Российская Федерация
105 ## - ПОЛЕ КОДИРОВАННЫХ ДАННЫХ: ТЕКСТОВЫЕ МАТЕРИАЛЫ, МОНОГРАФИЧЕСКИЕ
Кодированные данные о монографическом текстовом документе z |||||
200 1# - ЗАГЛАВИЕ И СВЕДЕНИЯ ОБ ОТВЕТСТВЕННОСТИ
Основное заглавие Собрание сочинений
Сведения, относящиеся к заглавию В 12 т.
Первые сведения об ответственности [Вступ. статьи: проф. В.П. Бушинский. "Роль В.Р. Вильямса в развитии сельскохозяйственных и биологических наук"; Вл. Р. Вильямс и В.В. Вильямс. "Василий Робертович Вильямс", с. 7-63
Последующие сведения об ответственности Ред. коллегия: Засл. деятель науки, чл.-кор. Акад. наук СССР В.П. Бушинский, акад. Т.Д. Лысенко, чл.-кор. Акад. наук БССР М.Г. Чижевский]. Т. 1-
210 ## - ПУБЛИКАЦИЯ, РАСПРОСТРАНЕНИЕ И ДР.
Место издания, распространения и т.д. Москва
Имя издателя, распространителя и т. д. Сельхозгиз
Дата издания, распространения и т.д. 1948
Имя изготовителя Образцовая тип. им. Жданова
-- Тип. "Искра революции"
215 ## - ФИЗИЧЕСКАЯ ХАРАКТЕРИСТИКА
Размеры 27
300 ## - ОБЩИЕ ПРИМЕЧАНИЯ
Текст примечания Перед загл. авт.: В.Р. Вильямс
606 ## - НАИМЕНОВАНИЕ ТЕМЫ КАК ПРЕДМЕТ
Наименование темы Почвоведение
Код системы psbo
700 #1 - ИМЯ ЛИЦА - ПЕРВИЧНАЯ ОТВЕТСТВЕННОСТЬ
Начальный элемент ввода Вильямс
Часть имени, кроме начального элемента ввода В.Р.
Даты 1863-1939
Расширение инициалов личного имени Василий Робертович
702 #1 - ИМЯ ЛИЦА - ВТОРИЧНАЯ ОТВЕТСТВЕННОСТЬ
Начальный элемент ввода Вильямс
Часть имени, кроме начального элемента ввода В.В.
Расширение инициалов личного имени Василий Васильевич
Код отношения Автор введения, предисловия, примечания и т.п.
702 #1 - ИМЯ ЛИЦА - ВТОРИЧНАЯ ОТВЕТСТВЕННОСТЬ
Начальный элемент ввода Лысенко
Часть имени, кроме начального элемента ввода Т.Д.
Код отношения Редактор
702 #1 - ИМЯ ЛИЦА - ВТОРИЧНАЯ ОТВЕТСТВЕННОСТЬ
Начальный элемент ввода Чижевский
Часть имени, кроме начального элемента ввода М.Г.
Код отношения Редактор
702 #1 - ИМЯ ЛИЦА - ВТОРИЧНАЯ ОТВЕТСТВЕННОСТЬ
Начальный элемент ввода Вильямс
Часть имени, кроме начального элемента ввода В.Р.
Расширение инициалов личного имени Владимир Робертович
Код отношения Автор введения, предисловия, примечания и т.п.
702 #1 - ИМЯ ЛИЦА - ВТОРИЧНАЯ ОТВЕТСТВЕННОСТЬ
Начальный элемент ввода Бушинский
Часть имени, кроме начального элемента ввода В.П.
Расширение инициалов личного имени Владимир Петрович
Код отношения Автор введения, предисловия, примечания и т.п.
-- Редактор
801 #0 - ИСТОЧНИК ЗАПИСИ
Страна Российская Федерация
Организация NLR
Правила каталогизации psbo
801 #1 - ИСТОЧНИК ЗАПИСИ
Страна Российская Федерация
Организация ELAR
Источник данных rusmarc
852 ## - МЕСТОНАХОЖДЕНИЕ И ШИФР ХРАНЕНИЯ
Идентификатор организации NLR
Шифр хранения (Call Number) С10 Г-8/13
942 ## - ДОПОЛНИТЕЛЬНЫЕ ЭЛЕМЕНТЫ ЗАПИСИ (АБИС)
Тип экземпляра АБИС Книга

Нет доступных экземпляров.